00721nam a2200241Ia 4500003000400000005001700004008004100021020001500062040000700077041000600084082001700090100002100107245002500128260005000153300002900203365001300232650001900245650002200264906002400286942001200310999001900322952013800341OSt20250704174353.0210423s2007 xx 000 0 und d a8131300625 cAL aE a070.1 bSINJ aSingh J K977325 aMedia and journalism aNew DelhibA P H Publishing Corporationc2007 aix,258p.bPBc22x14.5cm. b695cINR aGeneral977326 aMass Media977327 ajournalism. ; Media 2ddccBK c155779d155779 00102ddc40708MAJMCaSACPGbSACPGd2008-09-07eAthulya Booksg695.00l0o070.1 SINMpPG002251r2022-08-24 00:00:00w2021-04-26yBK